00933nam a22002657a 4500999001300000003000900013008004100022020001500063040007100078082001800149100002000167245003900187260005900226300004500285440002100330650002400351650002500375650002300400700002700423700004600450700004800496942001600544945000800560952009900568 c136d136AR-CdUCM190221b ||||| |||| 00| 0 spa d a8475251218 aMUNICIPALIDAD PROVINCIAL DEL CUSCOcBIBLIOTECA MUNICIPAL DEL CUSCO a808.83 /bW21 aWalpole, Horace aEl castillo de Otranto :bVathek / aMadrid :bHyspamericaediciones generales Anaya,c1983. a271 páginas ;bilustraciones, c19 cm. aMis libros.9657 aNovela inglesa9365 aNovela gótica9658 aNovela terror9659 aBeckford, William9660 aPujals, María Engracia (traductor)9661 aGutiérrez Mas, Julio (ilustración)9662 2ddccLIBROS azta 002ddc4070aSHbSHcCARTd2019-02-21g32.00o808.83 / W21pSH0000000013r2019-02-21yLIBROS